000
00498nam a2200181Ia 4500
008
090124s9999 xx 000 0 und d
082
_b
18210
100
_a
नंदा गुलशन
245
_a
बलिदान
250
_a
1
260
_b
मनोरंजन प्रकाशन
_c
1974
300
_a
159
600
_a
नंदा गुलशन
630
_a
बलिदान
700
_a
नंदा गुलशन
730
_a
बलिदान
942
_c
BOOK
999
_c
89435
_d
89435